| 000 | 00000nam 2200000za 4500 |
| 001 | 9.700165 |
| 003 | CaOODSP |
| 005 | 20210625000718 |
| 007 | cr ||||||||||| |
| 008 | 150407s2015||||xxc|||||o f|0| 0 eng d |
| 020 | |a978-1-100-25456-2 |
| 040 | |aCaOODSP|beng |
| 043 | |an-cn--- |
| 086 | 1 |aHP40-128/2014E-PDF |
| 110 | 2 |aPublic Health Agency of Canada. |
| 245 | 10|aUpdate on the recommended Human Papilllomavirus (HPV) vaccine immunization schedule |h[electronic resource] |
| 246 | 1 |iAt head of title: |aAdvisory Committee Statement (ACS), National Advisory Committee on Immunization (NACI) |
| 260 | |aOttawa - Ontario : |bPublic Health Agency of Canada |cFebruary 2015. |
| 300 | |a32p.|breferences, tables |
| 590 | |a15-10|b2015-03-06 |
| 690 | 07|aImmunization|2gcpds |
| 775 | 08|tMise à jour des recommandations visant le calendrier d'immunisation relatif au vaccin contre le virus du papillome humain (VPH) |w(CaOODSP)9.644068 |
| 856 | 40|ahttp://publications.gc.ca|qPDF|s701 KB|uhttps://publications.gc.ca/collections/collection_2015/aspc-phac/HP40-128-2014-eng.pdf |
| 986 | |aPub.: 140391 |